Southville International School and Colleges
Your cart is empty.
  • Cart
  • Lists
    Public lists Eva Luna New books Lux_list list_1
    Your lists Log in to create your own lists
  • Log in to your account
  • Your cookies
  • Search history
Southville International School and Colleges
  • Advanced search
  • Recent comments
  • Most popular
  • Libraries

Log in to your account

Log in with GOOGLE


If you do not have an external account, but do have a local account, you can still log in:

  1. Home
  2. MARC view: Rascal /
Normal view MARC view ISBD view

Rascal / (Record no. 11784)

[ view plain ]
MARC details
000 -LEADER
fixed length control field 01090cam a22003611 4500
001 - CONTROL NUMBER
control field 4531596
003 - CONTROL NUMBER IDENTIFIER
control field PILC
005 - DATE AND TIME OF LATEST TRANSACTION
control field 20151028144559.0
008 - FIXED-LENGTH DATA ELEMENTS--GENERAL INFORMATION
fixed length control field 760527s1963 nyua j 000 0aeng
010 ## - LIBRARY OF CONGRESS CONTROL NUMBER
LC control number 63013882
020 ## - INTERNATIONAL STANDARD BOOK NUMBER
International Standard Book Number 9780525188391
040 ## - CATALOGING SOURCE
Original cataloging agency DLC
Transcribing agency DLC
Modifying agency DLC
042 ## - AUTHENTICATION CODE
Authentication code lcac
050 00 - LIBRARY OF CONGRESS CALL NUMBER
Classification number PS 3527.O585
Item number .N864 1963
082 00 - DEWEY DECIMAL CLASSIFICATION NUMBER
Classification number GS 813
Item number N81 1991
100 1# - MAIN ENTRY--PERSONAL NAME
Personal name North, Sterling,
Dates associated with a name 1906-1974.
9 (RLIN) 21090
245 10 - TITLE STATEMENT
Title Rascal /
Statement of responsibility, etc Sterling North.
250 ## - EDITION STATEMENT
Edition statement [1st ed.]
260 ## - PUBLICATION, DISTRIBUTION, ETC. (IMPRINT)
Place of publication, distribution, etc USA:
Name of publisher, distributor, etc Dutton Childrens Books,
Date of publication, distribution, etc c1963.
300 ## - PHYSICAL DESCRIPTION
Extent 189 p.
Other physical details ill. ;
Dimensions 22 cm.
520 ## - SUMMARY, ETC.
Summary, etc Newberry Honor
562 ## - COPY AND VERSION IDENTIFICATION NOTE
Number of copies 1
650 ## - SUBJECT ADDED ENTRY--TOPICAL TERM
Topical term or geographic name as entry element North, Sterling
General subdivision Biography.
9 (RLIN) 21091
650 ## - SUBJECT ADDED ENTRY--TOPICAL TERM
Topical term or geographic name as entry element Authors, American
General subdivision 20th. century
-- Biography.
9 (RLIN) 21092
650 ## - SUBJECT ADDED ENTRY--TOPICAL TERM
Topical term or geographic name as entry element Rascal(racoon).
9 (RLIN) 21093
650 ## - SUBJECT ADDED ENTRY--TOPICAL TERM
Topical term or geographic name as entry element Racoons
General subdivision Wisconsin
-- Biography.
9 (RLIN) 21094
650 ## - SUBJECT ADDED ENTRY--TOPICAL TERM
Topical term or geographic name as entry element Country life
General subdivision Wisconsin.
9 (RLIN) 21095
650 ## - SUBJECT ADDED ENTRY--TOPICAL TERM
Topical term or geographic name as entry element Schoenherr, John, ill.
9 (RLIN) 21096
700 1# - ADDED ENTRY--PERSONAL NAME
Personal name Schoenherr, John,
Relator term illus.
9 (RLIN) 21097
906 ## - LOCAL DATA ELEMENT F, LDF (RLIN)
a 7
b cbc
c orignew
d u
e ocip
f 19
g y-gencatlg
942 ## - ADDED ENTRY ELEMENTS (KOHA)
Source of classification or shelving scheme Library of Congress Classification
Koha item type Books
Holdings
Withdrawn status Lost status Source of classification or shelving scheme Damaged status Home library Current library Shelving location Date acquired Total Checkouts Full call number Barcode Date last seen Copy number Price effective from Koha item type
    Library of Congress Classification   Luxembourg Library Luxembourg Library Grade School Section 09/20/2013   PS 3527.O585 .N864 1963 15469 10/28/2015 1 09/20/2013 Books

Rascal /

APA

North S., Schoenherr J., . (1963). Rascal. USA: Dutton Childrens Books.

Chicago

North Sterling, Schoenherr John, . 1963. Rascal. USA: Dutton Childrens Books.

Harvard

North S., Schoenherr J., . (1963). Rascal. USA: Dutton Childrens Books.

MLA

North Sterling, Schoenherr John, . Rascal. USA: Dutton Childrens Books. 1963.

  • Place hold
  • Print
  • Cite
  • Add to your cart (remove)
  • Save record
    BIBTEX Dublin Core MARCXML MARC (non-Unicode/MARC-8) MARC (Unicode/UTF-8) MARC (Unicode/UTF-8, Standard) MODS (XML) RIS
  • More searches
    Search for this title in:
    Other Libraries (WorldCat) Other Databases (Google Scholar) Online Stores (Bookfinder.com) Open Library (openlibrary.org)

Exporting to Dublin Core...

SOUTHVILLE LIBRARY

Southville International School and Colleges Library

1281 Tropical Ave. Cor. Luxembourg St., BF Homes International, Las Pinas City

Tel. No. 8256374 / 252358 Loc. 117/146

Powered by Koha